00219 a2200085 4500001000700000040003500007100002000042240003800062245003300100146763 cEscola São Tomás de Aquino aLARREULA, Enric10aA infância da Bruxa Onildalpor10aA infância da Bruxa Onilda